000 00536nmm a2200169Ia 4500
008 251105s9999||||xx |||||||||||||||||und||
020 _a9789587387742
041 _aspa
100 _aGarcía, Mónica
245 0 _aEntre climas y bacterias : El saber sobre la enfermedad en Colombia, siglo XIX
264 _a[Bogotá, Colombia] :
_bUniversidad del Rosario,
_c2016
300 _a236 páginas
490 _aTextos de Ciencias Humanas
650 _aMedicine
856 _uhttps://public.digitaliapublishing.com/a/46422
942 _cCF
999 _c95861
_d95861